000 00458nam a2200193Ia 4500
005 20260625115747.0
008 131103s9999 xx 000 0 und d
040 _aLoreto College
041 _aEnglish
082 _a232
_bADA
100 _aAdam, Karl
245 _aChrist our brother
_cKarl Adam
260 _aLondon
_bSheed & Ward
_c1931
300 _avii,209p.
650 _aJesus christ
651 _aChristinity
850 _aLCLIB
942 _cBK
999 _c25666
_d76145